| 000 | 00506nam a22001813 4500 | ||
|---|---|---|---|
| 001 | 201863 | ||
| 021 | _b57225/92 | ||
| 090 | _a201863 | ||
| 100 | _a20260420d u||y0pory50 ba | ||
| 200 |
_aO siln̊cio dos inocentes _fThomas Harris |
||
| 210 |
_aLisboa _cEditorial Notc̕ias _d1992 |
||
| 215 |
_a375 p. _cbrochado _d21 cm |
||
| 606 |
_916 _aLiteratura Americana |
||
| 675 |
_a821.111(73)-3 _vPT _zpor |
||
| 700 |
_95367 _aHarris _bThomas _f1940- |
||
| 801 |
_aPT _bBMMN _gRPC |
||
| 830 |
_cFernando _fFernando |
||
| 990 | _cLIVROS | ||